000 00948nam a2200265 a 4500
001 BRCA_5639
005 20190320205150.0
008 220211t1925----mx-ao#####---o000-0#spa-#
041 _aspa
044 _amx
050 4 _aNA5257.M4
_b.I35 6 1925
245 1 0 _aIglesias de México
_bv.6. 1525-1925
_cSecretaría de Hacienda ; texto y dibujos del Dr. Atl ; fotografías de Kahlo.
260 _aMéxico
_bCultura
_c1925
300 _a192 p.
_bil.
_c42 cm.
500 _aIncluye índice de monografías
500 _aEstado físico: presenta dos fotografías sueltas (p. 28 y 99)
500 _aVer también F112 (v.1), F113 (v.2), F114 (v.3), F115 (v.4), F116 (v.5) y N.S. 177 (6 v.)
500 _aF117
650 1 4 _aIglesias
_zMéxico
_94471
650 1 4 _aArquitectura religiosa
_zMéxico
_924
700 1 _aMurillo, Gerardo
_c(Dr. Atl)
_d1875-1964
_9652
700 1 _aKahlo, Guillermo
_d1871-
_eFotógrafo
_9651
902 _aGFM
942 _2lcc
_cB
999 _c5333
_d5333